00577nam a2200145Ia 4500008004100000020001800041041000800059082002800067100004100095245003400136260003900170300000900209999001900218952019400237230411s9999 xx 000 0 und d a0-323-03559-0 aeng aPH/615.1/CLA/STO/B03939 aClayton Bruce & Stock Yvonne9178017 aBasic Pharmacology for Nurses bMosby ElsevieraPhiladelphiac2006 a902p c154721d154721 001040708PHaBTINbBTINd2007-02-22eB.J.Medical Co-oprative College Storesg2577.00i1025l0oPH 615.1 CLA STO B03939pBTIN-BK-3939r2023-04-11 00:00:00v1881.00w2007-02-22yBKzB03939